Thơ ca dân gian người Dao tuyển song ngữ Việt - Dao

Salvato in:
Dettagli Bibliografici
Autore principale: Trần Hữu Sơn
Natura: Libro
Lingua:Vietnamese
Pubblicazione: H. Thời đại 2011
Serie:ĐTTS ghi: Hội văn nghệ dân gian Việt Nam
Tags: Aggiungi Tag
Nessun Tag, puoi essere il primo ad aggiungerne! !
Thư viện lưu trữ: Mạng thư viện Đại học Đà Nẵng
LEADER 00726nam a2200253 4500
001 000016161
003 12555
005 20120725090724.0
008 120725s2011 viesd
041 0 |a vie 
082 |a 305.895978  |b TR-S 
100 0 |a Trần Hữu Sơn 
245 0 |a Thơ ca dân gian người Dao tuyển  |b song ngữ Việt - Dao  |c Trần Hữu Sơn 
260 |a H.  |b Thời đại  |c 2011 
300 |a 1252 tr.  |b hình ảnh  |c 21 cm. 
490 |a ĐTTS ghi: Hội văn nghệ dân gian Việt Nam 
OWN |a LSP 
999 |a From the UDN01 
TYP |a Monograph 
TYP |a Printed language 
980 |a Mạng thư viện Đại học Đà Nẵng